[Event "GEO-ch 60th 1 Liga"]
[Site "Tbilisi"]
[Date "2000.04.??"]
[Round "8"]
[White "Jobava, Baadur"]
[Black "Bakhtadze, Giorgi"]
[Result "1-0"]
[WhiteElo "2430"]
[BlackElo "2469"]
[PlyCount "117"]
[EventDate "2000.??.??"]
[EventType "swiss"]
[EventRounds "9"]
[EventCountry "GEO"]
[SourceTitle "EXT 2004"]
[Source "ChessBase"]
[SourceDate "2003.11.25"]
[SourceVersion "1"]
[SourceVersionDate "2003.11.25"]
[SourceQuality "1"]

1. d4 Nf6 2. c4 e6 3. Nf3 b6 4. g3 Bb7 5. Bg2 Be7 6. 0-0 0-0 7. b3 c5 8. dxc5 bxc5 9. Nc3 d6 10. Bb2 a6 11. Rc1 Qc7 12. Rc2 Nbd7 13. Rd2 Bc6 14. Qb1 Qb7 15. Rfd1 Rfd8 16. h3 Rab8 17. Ne1 Bxg2 18. Nxg2 Ne5 19. Ne3 Qc6 20. Qc2 Rb7 21. Na4 Ned7 22. Nc3 Ne5 23. f3 Rbb8 24. Kg2 Qb7 25. Na4 Ned7 26. Bc3 Qc7 27. Rd3 Nh5 28. Nf1 f5 29. Qd2 Qc6 30. Rxd6 Bxd6 31. Qxd6 Qxd6 32. Rxd6 Nhf6 33. Rxe6 Re8 34. Rxe8+ Rxe8 35. Kf2 Rc8 36. g4 fxg4 37. hxg4 Kf7 38. Ng3 g6 39. e4 Ke6 40. g5 Ne8 41. Ke3 Nd6 42. Nb2 Ne5 43. f4 Nef7 44. Nd3 Kd7 45. Bb2 a5 46. a4 Nb7 47. Ne2 Rc6 48. Nc3 Rb6 49. Nc1 Nbd6 50. Ba3 Kc6 51. Nb5 Rb8 52. Nd3 Nb7 53. Bb2 Re8 54. Nc3 Nbd6 55. Ba3 Rb8 56. Nxc5 h6 57. gxh6 Nxh6 58. Nb5 Nhf7 59. Nd4+ 1-0

[Event "GEO-ch U20"]
[Site "Tbilisi"]
[Date "2000.??.??"]
[Round "?"]
[White "Aroshidze, Levan"]
[Black "Bakhtadze, Giorgi"]
[Result "1/2-1/2"]
[WhiteElo "2295"]
[BlackElo "2469"]
[PlyCount "70"]
[EventDate "2000.??.??"]
[EventType "swiss"]
[EventRounds "9"]
[EventCountry "GEO"]
[SourceTitle "EXT 2002"]
[Source "ChessBase"]
[SourceDate "2001.11.25"]
[SourceVersion "1"]
[SourceVersionDate "2001.11.25"]
[SourceQuality "1"]

1. e4 c5 2. Nf3 d6 3. d4 cxd4 4. Nxd4 Nf6 5. Nc3 Nc6 6. Bc4 e6 7. Be3 Qc7 8. Qe2 a6 9. 0-0-0 Na5 10. Bd3 b5 11. Bg5 Be7 12. f4 b4 13. Nb1 e5 14. Nf5 Bxf5 15. exf5 b3 16. Nc3 bxa2 17. Nxa2 Nb3+ 18. Kb1 Nd4 19. Qd2 Rb8 20. c3 Nb3 21. Qe2 0-0 22. Nb4 Qa5 23. Bc4 Rxb4 24. cxb4 Qa1+ 25. Kc2 Qa2 26. Qd3 Rc8 27. Qc3 Qa4 28. Bxf7+ Kxf7 29. Qxc8 Nc5+ 30. Kb1 Qxb4 31. Rhe1 Nfe4 32. Re3 Nd2+ 33. Rxd2 Qxd2 34. Qc7 Qd1+ 35. Ka2 Qa4+ 1/2-1/2

[Event "GEO-ch U20"]
[Site "Tbilisi"]
[Date "2000.??.??"]
[Round "?"]
[White "Bakhtadze, Giorgi"]
[Black "Izoria, Zviad"]
[Result "1/2-1/2"]
[WhiteElo "2469"]
[BlackElo "2372"]
[PlyCount "117"]
[EventDate "2000.??.??"]
[EventType "swiss"]
[EventRounds "9"]
[EventCountry "GEO"]
[SourceTitle "EXT 2002"]
[Source "ChessBase"]
[SourceDate "2001.11.25"]
[SourceVersion "1"]
[SourceVersionDate "2001.11.25"]
[SourceQuality "1"]

1. e4 c5 2. Nf3 d6 3. c3 Nf6 4. h3 Nc6 5. Bd3 g6 6. Bc2 Bg7 7. 0-0 0-0 8. d4 cxd4 9. cxd4 e5 10. d5 Nb4 11. Bb3 a5 12. Nc3 b5 13. Be3 a4 14. a3 Na6 15. Bc2 Bd7 16. Qe2 Qb8 17. Nd2 Qb7 18. Bd3 Rab8 19. Nxa4 bxa4 20. Bxa6 Qa8 21. Rab1 Nh5 22. Bd3 Nf4 23. Bxf4 exf4 24. Nc4 Qa6 25. Ne5 Qc8 26. Ba6 Qe8 27. Nd3 f5 28. e5 dxe5 29. Rfe1 Bb5 30. Bxb5 Qxb5 31. Nxe5 Qxd5 32. Nf3 h6 33. Qa6 g5 34. Rbd1 Qb5 35. Qe6+ Kh7 36. Rd6 Rf6 37. Qe7 Rxd6 38. Qxd6 Rb6 39. Qc7 Qxb2 40. Re7 Qa1+ 41. Re1 Rb1 42. Rxb1 Qxb1+ 43. Kh2 Qd3 44. Qc8 Qd5 45. Qc2 Qe4 46. Qc8 Qd5 47. Qc2 Qd7 48. Nd2 Kh8 49. Nc4 Qd4 50. Qxa4 Qxf2 51. Qe8+ Kh7 52. Qe6 Qg3+ 53. Kh1 Qd3 54. Nd6 Qxa3 55. Qxf5+ Kg8 56. Qe6+ Kh7 57. Qe4+ Kg8 58. Qe8+ Kh7 59. Qe4+ 1/2-1/2

[Event "GEO-ch U20"]
[Site "Tbilisi"]
[Date "2000.??.??"]
[Round "?"]
[White "Shamugia, Shavlegi"]
[Black "Bakhtadze, Giorgi"]
[Result "0-1"]
[WhiteElo "2196"]
[BlackElo "2469"]
[PlyCount "78"]
[EventDate "2000.??.??"]
[EventType "swiss"]
[EventRounds "9"]
[EventCountry "GEO"]
[SourceTitle "EXT 2002"]
[Source "ChessBase"]
[SourceDate "2001.11.25"]
[SourceVersion "1"]
[SourceVersionDate "2001.11.25"]
[SourceQuality "1"]

1. e4 c5 2. Nc3 e6 3. Nf3 a6 4. d4 cxd4 5. Nxd4 Qc7 6. Bd3 Nf6 7. 0-0 Bd6 8. h3 0-0 9. Be3 Be7 10. f4 d6 11. g4 Nc6 12. g5 Nd7 13. Nce2 Re8 14. c3 Bf8 15. Nf3 b5 16. Rc1 Bb7 17. Bb1 Rad8 18. Qe1 Na5 19. b3 e5 20. f5 d5 21. g6 fxg6 22. fxg6 h6 23. exd5 Bc5 24. Qf2 Bxd5 25. Bxc5 Nxc5 26. b4 Rf8 27. Qg3 Ne4 28. Bxe4 Bxe4 29. bxa5 Qc5+ 30. Kh2 Rd3 31. Qg1 Qc8 32. Ng5 hxg5 33. Rxf8+ Qxf8 34. Rf1 Qc8 35. Qg4 Qxg4 36. hxg4 Rd2 37. Rf2 Bd3 38. Kg3 Rxe2 39. Rf3 Bxg6 0-1

[Event "New Hampshire op 50th"]
[Site "New Hampshire"]
[Date "2000.??.??"]
[Round "1"]
[White "Sharp, Dale Eugene"]
[Black "Bakhtadze, Giorgi"]
[Result "0-1"]
[WhiteElo "2200"]
[BlackElo "2495"]
[PlyCount "88"]
[EventDate "2000.??.??"]
[EventType "swiss"]
[EventRounds "4"]
[EventCountry "USA"]
[SourceTitle "EXT 2003"]
[Source "ChessBase"]
[SourceDate "2002.11.25"]
[SourceVersion "1"]
[SourceVersionDate "2002.11.25"]
[SourceQuality "1"]

1. e4 c5 2. Nf3 e6 3. d4 cxd4 4. Nxd4 a6 5. c4 Nf6 6. Nc3 d6 7. Be3 b6 8. Rc1 Bb7 9. f3 Be7 10. Be2 0-0 11. 0-0 Qc7 12. Qe1 Nbd7 13. Qf2 Rac8 14. Rfd1 Qb8 15. a3 Bd8 16. b4 Re8 17. Nb3 Ba8 18. c5 bxc5 19. Bxa6 Bb7 20. Bf1 cxb4 21. axb4 Ne5 22. Ba7 Qa8 23. Rxd6 Bc7 24. Rd2 Neg4 25. fxg4 Nxg4 26. Qh4 Qxa7+ 27. Nc5 Bf4 28. Ra2 Qb6 29. Rb1 Be3+ 30. Kh1 Nf6 31. N3a4 Qc7 32. Nxb7 Qxb7 33. e5 Qd5 34. Re2 Qxe5 35. Qh3 Qe4 36. Ra1 Qd4 37. Nb2 Bc1 38. Rb1 Rc3 39. g3 Ne4 40. Qg2 Nd2 41. Ra1 Rc2 42. Ra8 Rcc8 43. Rxc8 Rxc8 44. Qb7 Rf8 0-1

[Event "EU-chT (Men) 12th"]
[Site "Batumi"]
[Date "1999.12.01"]
[Round "3.3"]
[White "Sommerbauer, Norbert"]
[Black "Bakhtadze, Giorgi"]
[Result "0-1"]
[WhiteElo "2401"]
[BlackElo "2403"]
[PlyCount "82"]
[EventDate "1999.11.06"]
[EventType "team-swiss"]
[EventRounds "9"]
[EventCountry "GEO"]
[SourceTitle "CBM 074"]
[Source "ChessBase"]
[SourceDate "2000.02.01"]
[SourceVersion "1"]
[SourceVersionDate "2000.02.01"]
[SourceQuality "1"]
[WhiteTeam "Austria"]
[BlackTeam "Georgia II"]
[WhiteTeamCountry "AUT"]
[BlackTeamCountry "GEO"]

1. Nf3 Nf6 2. c4 c5 3. Nc3 e6 4. g3 b6 5. Bg2 Bb7 6. 0-0 Be7 7. Re1 d6 8. e4 Qc7 9. d4 cxd4 10. Nxd4 a6 11. Be3 0-0 12. Rc1 Nbd7 13. f4 Rae8 14. Bf2 Ba8 15. Qe2 g6 16. e5 dxe5 17. fxe5 Nh5 18. Bxa8 Rxa8 19. g4 Nf4 20. Qe3 g5 21. Bg3 Ng6 22. Ne4 Ndxe5 23. Nxg5 Bc5 24. b4 Bxb4 25. Bxe5 Qxe5 26. Qxe5 Nxe5 27. Rxe5 f6 28. Re4 fxg5 29. Nxe6 Rf6 30. c5 bxc5 31. Nxc5 a5 32. Nd3 Bf8 33. Rf1 Rd6 34. Rf3 a4 35. Re2 a3 36. Nf2 Rb6 37. Rf5 h6 38. Kg2 Rb2 39. Rfe5 Rc8 40. Kf3 Rc3+ 41. R5e3 Rxe2 0-1

[Event "GEO team select"]
[Site "Tbilisi"]
[Date "1999.11.??"]
[Round "?"]
[White "Kekelidze, Mikheil"]
[Black "Bakhtadze, Giorgi"]
[Result "0-1"]
[WhiteElo "2446"]
[BlackElo "2403"]
[PlyCount "73"]
[EventDate "1999.08.??"]
[EventType "tourn"]
[EventRounds "11"]
[EventCountry "GEO"]
[EventCategory "6"]
[SourceTitle "EXT 2004"]
[Source "ChessBase"]
[SourceDate "2003.11.25"]
[SourceVersion "1"]
[SourceVersionDate "2003.11.25"]
[SourceQuality "1"]

1. d4 Nf6 2. Bg5 e6 3. e4 h6 4. Bxf6 Qxf6 5. Nc3 Bb4 6. Qd2 d6 7. 0-0-0 Qg5 8. Qxg5 hxg5 9. Nb5 Ba5 10. b4 a6 11. Nxd6+ cxd6 12. bxa5 Nc6 13. d5 Nxa5 14. Nf3 g4 15. Nd4 e5 16. Nb3 Nxb3+ 17. axb3 Ke7 18. Be2 Bd7 19. Rd3 Raf8 20. Rg3 Rh4 21. f3 Rfh8 22. fxg4 Rxh2 23. Rxh2 Rxh2 24. g5 Rh4 25. Re3 Bg4 26. Bxg4 Rxg4 27. Rc3 Kd8 28. Rf3 Ke8 29. Rc3 Rxg5 30. Rc7 Rxg2 31. Rxb7 g5 32. Rb6 Ke7 33. Rxa6 g4 34. Kb2 Re2 35. Ra7+ Kf6 36. Ra6 g3 37. Ra1 0-1

[Event "GEO team select"]
[Site "Tbilisi"]
[Date "1999.11.??"]
[Round "?"]
[White "Shengelia, Davit"]
[Black "Bakhtadze, Giorgi"]
[Result "0-1"]
[WhiteElo "2372"]
[BlackElo "2403"]
[PlyCount "73"]
[EventDate "1999.08.??"]
[EventType "tourn"]
[EventRounds "11"]
[EventCountry "GEO"]
[EventCategory "6"]
[SourceTitle "EXT 2004"]
[Source "ChessBase"]
[SourceDate "2003.11.25"]
[SourceVersion "1"]
[SourceVersionDate "2003.11.25"]
[SourceQuality "1"]

1. e4 c5 2. Nf3 e6 3. d4 cxd4 4. Nxd4 a6 5. Nc3 Qc7 6. Bd3 Nc6 7. Be3 Nf6 8. 0-0 Bd6 9. g3 Be7 10. a4 0-0 11. Qe2 d6 12. Nb3 b6 13. f4 Re8 14. g4 Nd7 15. g5 Nb4 16. Rf3 Nc5 17. Nxc5 bxc5 18. Rh3 g6 19. Qf2 d5 20. f5 exf5 21. Bf4 Bd6 22. e5 Rxe5 23. Qh4 Re6 24. Qxh7+ Kf8 25. Bxd6+ Qxd6 26. Rf1 Re5 27. Qh8+ Ke7 28. Qg7 Bb7 29. Rh6 Nxd3 30. cxd3 Re6 31. d4 Qb6 32. a5 Qb4 33. Rd1 Re8 34. Rh7 Rf8 35. dxc5 Qg4+ 36. Kf2 d4 37. c6 0-1

[Event "Wch U20"]
[Site "Yerevan"]
[Date "1999.09.27"]
[Round "10"]
[White "Bakhtadze, Giorgi"]
[Black "Matikozian, Andranik"]
[Result "1/2-1/2"]
[WhiteElo "2403"]
[BlackElo "2427"]
[PlyCount "92"]
[EventDate "1999.09.18"]
[EventType "swiss"]
[EventRounds "13"]
[EventCountry "ARM"]
[SourceTitle "CBM 072 Extra"]
[Source "ChessBase"]
[SourceDate "1999.11.18"]
[SourceVersion "1"]
[SourceVersionDate "1999.11.18"]
[SourceQuality "1"]

1. Nf3 Nf6 2. b3 g6 3. Bb2 Bg7 4. e3 d6 5. d4 0-0 6. c4 Nbd7 7. Be2 e5 8. dxe5 Ng4 9. 0-0 Ndxe5 10. Nxe5 Nxe5 11. Nc3 Be6 12. Qd2 f5 13. Rad1 a5 14. Qc1 Qe7 15. Nd5 Bxd5 16. Rxd5 Nd7 17. Bf3 Ne5 18. Be2 Nd7 19. g3 Bxb2 20. Qxb2 Nf6 21. Rd4 Ne4 22. Rfd1 Rae8 23. Bf1 h5 24. a3 c6 25. Bg2 Qe5 26. f4 Qf6 27. Qc2 c5 28. R4d3 Qe7 29. Bxe4 Qxe4 30. Qg2 Kg7 31. Qxe4 Rxe4 32. Rxd6 a4 33. Rd7+ Rf7 34. Rxf7+ Kxf7 35. Rd7+ Ke6 36. Rxb7 axb3 37. Rxb3 Rxc4 38. Rb6+ Kd5 39. Kf2 Rc2+ 40. Kf3 c4 41. Rxg6 c3 42. Rg8 Kc4 43. Rc8+ Kb3 44. e4 fxe4+ 45. Kxe4 Rxh2 46. f5 Rf2 1/2-1/2

[Event "Wch U20"]
[Site "Yerevan"]
[Date "1999.09.20"]
[Round "3"]
[White "Bognar, Csaba"]
[Black "Bakhtadze, Giorgi"]
[Result "0-1"]
[WhiteElo "2237"]
[BlackElo "2403"]
[PlyCount "64"]
[EventDate "1999.09.18"]
[EventType "swiss"]
[EventRounds "13"]
[EventCountry "ARM"]
[SourceTitle "CBM 072 Extra"]
[Source "ChessBase"]
[SourceDate "1999.11.18"]
[SourceVersion "1"]
[SourceVersionDate "1999.11.18"]
[SourceQuality "1"]

1. d4 Nf6 2. c4 g6 3. Nc3 Bg7 4. e4 d6 5. f3 0-0 6. Be3 Nc6 7. Qd2 a6 8. Nge2 Rb8 9. Nc1 e5 10. Nb3 exd4 11. Nxd4 Ne5 12. Be2 c5 13. Nc2 Be6 14. Na3 Qa5 15. 0-0 Rbd8 16. Rad1 Nc6 17. Nd5 Qxd2 18. Rxd2 Bxd5 19. exd5 Nd4 20. Bxd4 cxd4 21. Rxd4 Rfe8 22. Rd2 Nd7 23. b3 Bc3 24. Rc2 Bd4+ 25. Kh1 Re7 26. Rd1 Bc5 27. Nb1 Rde8 28. Bf1 f5 29. g3 Re3 30. Kg2 Ne5 31. f4 Nf3 32. Rc3 Re2+ 0-1

[Event "RUS-Cup03 Geller Memorial"]
[Site "Moscow"]
[Date "1999.02.11"]
[Round "2"]
[White "Vorotnikov, Vladislav V"]
[Black "Bakhtadze, Giorgi"]
[Result "1/2-1/2"]
[WhiteElo "2463"]
[BlackElo "2384"]
[PlyCount "69"]
[EventDate "1999.02.10"]
[EventType "swiss"]
[EventRounds "9"]
[EventCountry "RUS"]
[SourceTitle "CBM 070"]
[Source "ChessBase"]
[SourceDate "1999.06.08"]
[SourceVersion "1"]
[SourceVersionDate "1999.06.08"]
[SourceQuality "1"]

1. Nf3 Nf6 2. d4 g6 3. Nc3 Bg7 4. e4 d6 5. Bf4 c6 6. Qd2 0-0 7. Bh6 b5 8. Bxg7 Kxg7 9. e5 dxe5 10. Nxe5 Qd6 11. Be2 Nbd7 12. f4 Nb6 13. Bf3 b4 14. Ne4 Nxe4 15. Bxe4 f6 16. Nxc6 Qe6 17. Qe2 Bb7 18. d5 Nxd5 19. Bxd5 Qxd5 20. Nxb4 Qxg2 21. Qxg2 Bxg2 22. Rg1 Be4 23. 0-0-0 Rab8 24. Nd5 Rfc8 25. Ne3 Kf7 26. c4 Rc7 27. Rd4 f5 28. Rgd1 Ke6 29. b3 h6 30. h4 g5 31. hxg5 hxg5 32. fxg5 Rg8 33. Re1 Kf7 34. Rf1 Kg6 35. Nd5 1/2-1/2

[Event "RUS-Cup"]
[Site "Tula "]
[Date "1999.??.??"]
[Round "6"]
[White "Bakhtadze, Giorgi"]
[Black "Yandemirov, Valeri"]
[Result "1/2-1/2"]
[WhiteElo "2384"]
[BlackElo "2475"]
[PlyCount "57"]
[EventDate "1999.??.??"]
[EventType "swiss"]
[EventRounds "9"]
[EventCountry "RUS"]
[SourceTitle "EXT 2000"]
[Source "ChessBase"]
[SourceDate "1999.11.16"]
[SourceVersion "1"]
[SourceVersionDate "1999.11.16"]
[SourceQuality "1"]

1. Nf3 d5 2. b3 Nf6 3. Bb2 g6 4. e3 Bg7 5. c4 c6 6. Be2 0-0 7. 0-0 Bf5 8. d3 Na6 9. cxd5 cxd5 10. a3 Nb8 11. Nbd2 a5 12. Ne5 Bd7 13. Ndf3 Nc6 14. Nxc6 Bxc6 15. Qd2 Qd6 16. Be5 Qd7 17. Qb2 Rfc8 18. Rfc1 Bb5 19. Rc3 Rxc3 20. Qxc3 b6 21. Rc1 Ba6 22. Qb2 Rc8 23. Rxc8+ Qxc8 24. h3 Ne8 25. Bxg7 Nxg7 26. Qe5 Qd8 27. Qc3 Qc8 28. Qd4 Qc1+ 29. Kh2 1/2-1/2

[Event "RUS-Cup"]
[Site "Tula "]
[Date "1999.??.??"]
[Round "7"]
[White "Yagupov, Igor"]
[Black "Bakhtadze, Giorgi"]
[Result "1/2-1/2"]
[WhiteElo "2450"]
[BlackElo "2384"]
[PlyCount "64"]
[EventDate "1999.??.??"]
[EventType "swiss"]
[EventRounds "9"]
[EventCountry "RUS"]
[SourceTitle "EXT 2000"]
[Source "ChessBase"]
[SourceDate "1999.11.16"]
[SourceVersion "1"]
[SourceVersionDate "1999.11.16"]
[SourceQuality "1"]

1. e4 c5 2. Nf3 e6 3. d3 g6 4. d4 Bg7 5. Nc3 cxd4 6. Nxd4 a6 7. g3 d6 8. Bg2 Nf6 9. 0-0 0-0 10. Be3 Qc7 11. h3 Nc6 12. Qd2 Bd7 13. Rad1 Rfd8 14. Nde2 Be8 15. Na4 Nd7 16. Qxd6 Qxd6 17. Rxd6 Nde5 18. Rxd8 Rxd8 19. Nb6 Nb4 20. c3 Bb5 21. cxb4 Bxe2 22. Rb1 Nf3+ 23. Kh1 Bxb2 24. Na4 Be5 25. Nc5 b5 26. Bf1 Nd2 27. Bxd2 Rxd2 28. Bxe2 Rxe2 29. f4 Bd6 30. Nxa6 Rxa2 31. Nc5 Rc2 32. Na6 Kg7 1/2-1/2

[Event "RUS-Cup"]
[Site "Tula "]
[Date "1999.??.??"]
[Round "3"]
[White "Zakharevich, Igor"]
[Black "Bakhtadze, Giorgi"]
[Result "1-0"]
[WhiteElo "2532"]
[BlackElo "2384"]
[PlyCount "83"]
[EventDate "1999.??.??"]
[EventType "swiss"]
[EventRounds "9"]
[EventCountry "RUS"]
[SourceTitle "EXT 2000"]
[Source "ChessBase"]
[SourceDate "1999.11.16"]
[SourceVersion "1"]
[SourceVersionDate "1999.11.16"]
[SourceQuality "1"]

1. d4 Nf6 2. c4 c5 3. d5 e5 4. Nc3 d6 5. e4 g6 6. Be2 Bg7 7. Bg5 0-0 8. Qd2 Na6 9. h4 Re8 10. h5 Nc7 11. f3 a6 12. a4 Bd7 13. a5 Rb8 14. g4 b5 15. axb6 Rxb6 16. Nh3 Qb8 17. Nd1 Rb4 18. Nhf2 Bc8 19. Bh6 Bh8 20. Qc1 Re7 21. Nd3 Rb3 22. Nc3 Nce8 23. Bd1 Rb6 24. Be3 Rc7 25. Qd2 Re7 26. Ra2 Nd7 27. Ba4 Ndf6 28. Qf2 Rc7 29. Qh4 Bd7 30. Bd1 Bg7 31. Ne2 Rb4 32. Nxb4 Qxb4+ 33. Nc3 Qxc4 34. Qf2 Qb4 35. Rxa6 Rb7 36. Rh2 Bf8 37. hxg6 fxg6 38. Ra3 c4 39. Ba4 Bc8 40. Bc6 Rf7 41. Qe2 Be7 42. Ra8 1-0

[Event "Wch U18"]
[Site "Oropesa del Mar"]
[Date "1998.11.03"]
[Round "8"]
[White "Bakhtadze, Giorgi"]
[Black "Martinez Martin, David"]
[Result "0-1"]
[WhiteElo "2395"]
[BlackElo "2285"]
[PlyCount "120"]
[EventDate "1998.10.25"]
[EventType "swiss"]
[EventRounds "11"]
[EventCountry "ESP"]
[SourceTitle "CBM 067 Extra"]
[Source "ChessBase"]
[SourceDate "1999.01.01"]
[SourceVersion "1"]
[SourceVersionDate "1999.01.01"]
[SourceQuality "1"]

1. Nf3 c5 2. b3 d5 3. e3 Nc6 4. Bb2 a6 5. Be2 Nf6 6. 0-0 Bg4 7. c4 e6 8. cxd5 exd5 9. d4 Be7 10. dxc5 Bxc5 11. Nc3 0-0 12. Rc1 Ba7 13. Nd4 Bxe2 14. Ncxe2 Rc8 15. Nxc6 Rxc6 16. Rxc6 bxc6 17. Nd4 Bxd4 18. Bxd4 Ne4 19. Qd3 c5 20. Bb2 Qd6 21. Rd1 Rd8 22. f3 Ng5 23. Qf5 Ne6 24. f4 f6 25. h4 d4 26. Qe4 Qd5 27. Qxd5 Rxd5 28. e4 Rd7 29. g3 a5 30. Ba3 g6 31. Kf2 a4 32. f5 gxf5 33. exf5 Ng7 34. Bxc5 axb3 35. axb3 Nxf5 36. b4 Kf7 37. h5 Ke6 38. Kf3 Ke5 39. Rd3 Ng7 40. b5 Ne6 41. Ba3 Rd5 42. Rb3 d3 43. Rb1 Nd4+ 44. Kf2 Nxb5 45. Bb2+ Kf5 46. Rf1 Kg5 47. Ke1 f5 48. Bc1+ Kxh5 49. Bf4 Nc3 50. Rh1+ Kg6 51. Kd2 Ne4+ 52. Ke3 h5 53. Rd1 d2 54. Kf3 Rd3+ 55. Ke2 Ra3 56. Rg1 d1Q+ 57. Kxd1 Ra1+ 58. Bc1 Nc3+ 59. Kc2 Ne2 60. Rg2 Nxc1 0-1

[Event "Wch U18"]
[Site "Oropesa del Mar"]
[Date "1998.10.26"]
[Round "2"]
[White "Bakhtadze, Giorgi"]
[Black "Johannessen, Leif Erlend"]
[Result "1-0"]
[WhiteElo "2395"]
[BlackElo "2290"]
[PlyCount "63"]
[EventDate "1998.10.25"]
[EventType "swiss"]
[EventRounds "11"]
[EventCountry "ESP"]
[SourceTitle "CBM 067 Extra"]
[Source "ChessBase"]
[SourceDate "1999.01.01"]
[SourceVersion "1"]
[SourceVersionDate "1999.01.01"]
[SourceQuality "1"]

1. e4 e6 2. d3 d5 3. Qe2 Nf6 4. Nf3 c5 5. g3 Nc6 6. Bg2 Be7 7. 0-0 b6 8. e5 Nd7 9. c4 d4 10. h4 Bb7 11. Re1 Qc7 12. Na3 h6 13. Nb5 Qb8 14. h5 a6 15. Na3 Qc7 16. Nc2 Rd8 17. Bf4 0-0 18. Qd2 b5 19. Na3 Qa5 20. cxb5 axb5 21. Bxh6 gxh6 22. Qxh6 Rde8 23. Re4 f5 24. Qxe6+ Kh8 25. Qh6+ Kg8 26. Ng5 Bxg5 27. Qxg5+ Kh7 28. Qg6+ Kh8 29. Qh6+ Kg8 30. Rg4+ fxg4 31. Bd5+ Rf7 32. Qg6+ 1-0

[Event "Wch U18"]
[Site "Oropesa del Mar"]
[Date "1998.10.25"]
[Round "1"]
[White "Jensson, Einar Hjalti"]
[Black "Bakhtadze, Giorgi"]
[Result "1/2-1/2"]
[WhiteElo "2185"]
[BlackElo "2395"]
[PlyCount "88"]
[EventDate "1998.10.25"]
[EventType "swiss"]
[EventRounds "11"]
[EventCountry "ESP"]
[SourceTitle "CBM 067 Extra"]
[Source "ChessBase"]
[SourceDate "1999.01.01"]
[SourceVersion "1"]
[SourceVersionDate "1999.01.01"]
[SourceQuality "1"]

1. e4 c5 2. c3 d6 3. d4 Nf6 4. Bd3 g6 5. f4 Bg7 6. Nf3 0-0 7. Be3 cxd4 8. cxd4 Nc6 9. Nc3 Ng4 10. Bg1 Qb6 11. Qd2 Nb4 12. Be2 d5 13. e5 h5 14. h3 Nh6 15. a3 Qa5 16. Bf2 Nc6 17. 0-0 Qd8 18. b4 Nf5 19. Rac1 Nb8 20. Qa2 e6 21. g4 hxg4 22. hxg4 Nh6 23. Bh4 Qd7 24. Bb5 Nc6 25. Qg2 Kh7 26. Kf2 Rh8 27. Rh1 Kg8 28. Bf6 Bxf6 29. exf6 e5 30. Rxh6 Rxh6 31. Bxc6 Qxc6 32. Ne2 Qe6 33. Nxe5 Rh7 34. g5 Qh3 35. Qxd5 Bg4 36. Ng3 Qh2+ 37. Qg2 Be6 38. Ne2 Bd5 39. Qxh2 Rxh2+ 40. Ke3 Rh3+ 41. Kd2 Be6 42. Rc7 Rxa3 43. Rxb7 Rc8 44. Nc1 Bf5 1/2-1/2